[Event "Championnat de la Loire Open"]
[Site "St-Etienne"]
[Date "2003.05.17"]
[Round "6.2"]
[White "Gaillard, Pierre"]
[Black "Vier, Serge"]
[Result "1/2-1/2"]
[WhiteElo "1710"]
[BlackElo "1650"]
[PlyCount "109"]

1. e4 e6 2. d4 d5 3. Nc3 dxe4 4. Nxe4 Bd7 5. Nf3 Bc6 6. Bd3 Nd7 7. O-O Ngf6 8.
Nxf6+ Nxf6 9. Bg5 Be7 10. c3 Bxf3 11. Qxf3 c6 12. Rad1 O-O 13. Qh3 g6 14. f4
Nd5 15. Qg3 Bxg5 16. fxg5 Qc7 17. Qh3 Qe7 18. Qg3 Qc7 19. Rf3 Qxg3 20. Rxg3 Nf4
21. Bc4 b5 22. Bf1 Rad8 23. Re1 Nh5 24. Rf3 Ng7 25. Bd3 Nf5 26. Re5 Ne7 27. a4
a6 28. Rc5 Rd5 29. Rxd5 Nxd5 30. Kf2 Rb8 31. axb5 axb5 32. g4 Ra8 33. Kg3 Ra2
34. Rf2 Ra1 35. Be4 Re1 36. Bf3 Rg1+ 37. Bg2 Ne3 38. Kf3 Nxg2 39. Rxg2 Rb1 40.
Ke4 Kf8 41. Ke5 Ke7 42. Re2 Rg1 43. Kf4 Kd6 44. b3 Rb1 45. b4 Rc1 46. Re3 Kd5
47. Re5+ Kd6 48. Re3 Rc2 49. h4 Rf2+ 50. Kg3 Rc2 51. h5 Rc1 52. Rf3 Ke7 53. Kf4
Re1 54. Rf2 Ra1 55. Re2 1/2-1/2

[Event "Championnat de la Loire Open"]
[Site "St-Etienne"]
[Date "2003.05.17"]
[Round "6.3"]
[White "Breinl, Alix"]
[Black "Vinot, Raoul"]
[Result "1-0"]
[WhiteElo "1499"]
[BlackElo "1390"]
[PlyCount "72"]

1. d4 d5 2. c4 c6 3. Nc3 Nf6 4. Nf3 e6 5. e3 Be7 6. Bd3 O-O 7. Qc2 dxc4 8. Bxc4
Nbd7 9. O-O Qc7 10. Bd3 h6 11. Re1 e5 12. dxe5 Nxe5 13. Nxe5 Qxe5 14. f4 Qh5
15. h3 Qh4 16. Qf2 Qh5 17. e4 g5 18. fxg5 hxg5 19. Qg3 Nd7 20. e5 Nc5 21. Be2
Qg6 22. b4 Ne6 23. Bd3 Qh5 24. Ne4 Kh8 25. Nf6 Bxf6 26. exf6 Rg8 27. Bf5 Nd4
28. Bxc8 Ne2+ 29. Rxe2 Qxe2 30. Bxb7 Qd1+ 31. Kh2 Rae8 32. Bb2 Qc2 33. Qg4 Rb8
34. Bxc6 Qh7 35. Be4 Qh6 36. a3 a5 1-0

[Event "Championnat de la Loire Open"]
[Site "St-Etienne"]
[Date "2003.05.17"]
[Round "6.4"]
[White "Bion, Nicolas"]
[Black "Treveys, Maxime"]
[Result "0-1"]
[WhiteElo "1470"]
[BlackElo "1680"]
[PlyCount "46"]

1. Nf3 Nf6 2. c4 g6 3. Nc3 Bg7 4. d4 O-O 5. e4 d6 6. h3 Nbd7 7. d5 Re8 8. Qc2
e6 9. Be3 exd5 10. cxd5 Qe7 11. Nd2 Ne5 12. f4 Ned7 13. Bd3 Nc5 14. Bxc5 dxc5
15. O-O Nh5 16. Rae1 Qh4 17. f5 Bd4+ 18. Kh2 Qg3+ 19. Kh1 Nf4 20. Nf3 Bxf5 21.
exf5 Rxe1 22. Rxe1 Bf2 23. Ne4 Qxg2# 0-1

[Event "Championnat de la Loire Open"]
[Site "St-Etienne"]
[Date "2003.05.17"]
[Round "6.5"]
[White "Barthelemy, Jerome"]
[Black "Langlade, Remi"]
[Result "0-1"]
[WhiteElo "1480"]
[BlackElo "1410"]
[PlyCount "72"]

1. c4 e6 2. d4 d5 3. cxd5 exd5 4. Nf3 Nc6 5. Nc3 Bf5 6. e3 Nb4 7. Bb5+ c6 8.
Ba4 Nf6 9. O-O Ne4 10. Nxe4 dxe4 11. Nd2 Qg5 12. Re1 Nd3 13. Re2 Bg4 14. f3
exf3 15. Nxf3 Bxf3 16. Qxd3 Bxe2 17. Qxe2 Bd6 18. e4 Bf4 19. Bxf4 Qxf4 20. d5
O-O 21. Rd1 Rad8 22. b4 cxd5 23. exd5 Qxb4 24. Bb3 Qb6+ 25. Kh1 Kh8 26. Qd3
Rfe8 27. d6 Rxd6 28. Qf3 Rxd1+ 29. Qxd1 Qd8 30. Qf1 f6 31. h3 Qe7 32. Qf3 b6
33. Ba4 Rd8 34. Qh5 g6 35. Qf3 Qc7 36. Bb3 Re8 0-1

[Event "Championnat de la Loire Open"]
[Site "St-Etienne"]
[Date "2003.05.17"]
[Round "6.6"]
[White "Bazoux, Sebastien"]
[Black "Adamus, Jeremy"]
[Result "1/2-1/2"]
[WhiteElo "1430"]
[BlackElo "1199"]
[PlyCount "63"]

1. c4 e5 2. Nc3 Nf6 3. g3 Bc5 4. Bg2 c6 5. e3 d5 6. cxd5 cxd5 7. Nge2 Nc6 8.
O-O O-O 9. d4 exd4 10. Nxd4 Nxd4 11. exd4 Bb6 12. Be3 Bf5 13. Qb3 Be6 14. Rad1
Qd7 15. Rfe1 Rac8 16. a3 Rc4 17. Bf1 Rc7 18. Nb5 Rc6 19. Rc1 Rfc8 20. Rxc6 Rxc6
21. Nc3 a6 22. Na4 Ba7 23. Nc3 h6 24. Bg2 b5 25. a4 bxa4 26. Qxa4 Rb6 27. Qxd7
Bxd7 28. Nxd5 Nxd5 29. Bxd5 Rxb2 30. Ra1 Bc8 31. Bc4 Rb4 32. Bxa6 1/2-1/2

[Event "Championnat de la Loire Open"]
[Site "St-Etienne"]
[Date "2003.05.17"]
[Round "6.7"]
[White "Gidon, Rene"]
[Black "Pareux, Marc"]
[Result "1-0"]
[WhiteElo "1550"]
[BlackElo "1540"]
[PlyCount "70"]

1. e4 g6 2. d4 Bg7 3. Nf3 c6 4. c3 d5 5. e5 Bg4 6. Bf4 e6 7. Be2 Nd7 8. Nbd2
Ne7 9. Nh4 Bxe2 10. Qxe2 h6 11. Nhf3 Qb6 12. Nb3 Nf5 13. Be3 O-O 14. O-O Qc7
15. Rac1 a5 16. Rfd1 b5 17. Bf4 a4 18. Na1 Nb6 19. Nc2 g5 20. Bg3 Ra5 21. h4
Nxg3 22. fxg3 g4 23. Nh2 h5 24. Rf1 Nc4 25. Ne3 Nb6 26. Nhxg4 hxg4 27. Nxg4 f5
28. exf6 Rxf6 29. Nxf6+ Bxf6 30. Qxe6+ Qf7 31. Qxf6 Qxf6 32. Rxf6 Nc4 33. b3
axb3 34. axb3 Nd2 35. Rxc6 Nxb3 1-0

[Event "Championnat de la Loire Open"]
[Site "St-Etienne"]
[Date "2003.05.17"]
[Round "6.8"]
[White "Trottet, Francois"]
[Black "Dequidt, Adrien"]
[Result "0-1"]
[WhiteElo "1440"]
[BlackElo "1660"]
[PlyCount "94"]

1. d4 f5 2. Nf3 Nf6 3. c4 e6 4. a3 b6 5. e3 Bb7 6. Be2 Be7 7. O-O O-O 8. Nc3
Qe8 9. d5 exd5 10. cxd5 d6 11. Bb5 Qf7 12. Ng5 Qg6 13. Ne6 Rc8 14. Qf3 Nbd7 15.
Bxd7 Nxd7 16. e4 fxe4 17. Qxe4 Qxe4 18. Nxe4 Bxd5 19. Nf4 Bxe4 20. Re1 d5 21.
Nxd5 Bxd5 22. Rxe7 Re8 23. Re3 Nf6 24. h3 c5 25. Bd2 Ne4 26. Rd1 Nxd2 27. Rxe8+
Rxe8 28. Rxd2 Re1+ 29. Kh2 Bc6 30. f3 Kf7 31. Kg3 b5 32. Kf2 Re6 33. Rc2 c4 34.
Rc3 a5 35. Re3 b4 36. axb4 axb4 37. Rxe6 Kxe6 38. Ke3 Ke5 39. f4+ Kd5 40. g4
Bb5 41. Kd2 Kd4 42. f5 c3+ 43. bxc3+ bxc3+ 44. Kc2 Bd3+ 45. Kc1 Ke3 46. h4 Kf4
47. f6 gxf6 0-1

[Event "Championnat de la Loire Open"]
[Site "St-Etienne"]
[Date "2003.05.17"]
[Round "6.9"]
[White "Bournez, Gerard"]
[Black "Bruyas, Benjamin"]
[Result "1-0"]
[WhiteElo "1540"]
[BlackElo "1230"]
[PlyCount "31"]

1. e4 e5 2. Bc4 Nf6 3. d3 Bc5 4. h3 Nc6 5. Nf3 O-O 6. a3 Re8 7. Nc3 Nd4 8. O-O
c6 9. Ng5 d5 10. exd5 cxd5 11. Ba2 Bf5 12. Ne2 a5 13. Nxd4 Bxd4 14. Nf3 e4 15.
Nxd4 Qb6 16. Nxf5 1-0

[Event "Championnat de la Loire Open"]
[Site "St-Etienne"]
[Date "2003.05.17"]
[Round "6.10"]
[White "Gerey, Jean-Pierre"]
[Black "Mathieu, Jacques"]
[Result "1-0"]
[WhiteElo "1340"]
[BlackElo "1499"]
[PlyCount "65"]

1. e4 c5 2. Nf3 d6 3. d4 cxd4 4. Nxd4 Nc6 5. c3 e5 6. Nf3 Nf6 7. Bd3 Be7 8. O-O
O-O 9. c4 Bg4 10. Nc3 Nd4 11. Be2 Qc8 12. Nxd4 exd4 13. Qxd4 Bxe2 14. Nxe2 Qc5
15. Qd3 h6 16. b3 Qe5 17. Nc3 Ng4 18. g3 Qh5 19. h4 Ne5 20. Qd1 Qg6 21. Re1
Bxh4 22. Nd5 Bd8 23. Kg2 Re8 24. Bf4 Rc8 25. f3 Bc7 26. Rh1 Qe6 27. Qd2 h5 28.
Rxh5 Ng6 29. Rah1 Bd8 30. Bh6 f6 31. Bxg7 Kxg7 32. Qh6+ Kf7 33. Qh7+ 1-0

[Event "Championnat de la Loire Open"]
[Site "St-Etienne"]
[Date "2003.05.17"]
[Round "6.11"]
[White "Rengame, Mohane"]
[Black "Veyrat, Gerard"]
[Result "1/2-1/2"]
[WhiteElo "1460"]
[BlackElo "1130"]
[PlyCount "95"]

1. e4 e5 2. f4 d6 3. Bc4 Qh4+ 4. g3 Qh6 5. d3 exf4 6. Bxf4 Qg6 7. Nd2 Nf6 8.
Ngf3 Bg4 9. h3 Qh5 10. Qe2 Bxh3 11. O-O-O Be7 12. Bxf7+ Kxf7 13. Ng5+ Kg6 14.
Qxh5+ Nxh5 15. Nxh3 Nd7 16. d4 Rhf8 17. Rdf1 h6 18. c4 c5 19. d5 a6 20. g4 Nxf4
21. Nxf4+ Kh7 22. Ne6 Rxf1+ 23. Rxf1 Nf6 24. Rf4 b5 25. g5 hxg5 26. Nxg5+ Kg8
27. Ne6 Nh5 28. Rf3 b4 29. Kc2 a5 30. Nf1 Nf6 31. Kd3 Ng4 32. Rg3 Ne5+ 33. Kc2
g6 34. b3 a4 35. Ne3 axb3+ 36. Kxb3 Ra3+ 37. Kb2 Bh4 38. Rh3 Bf6 39. Kb1 Nxc4
40. Nf4 Nxe3 41. Nxg6 Kg7 42. Nf4 Be5 43. Ne6+ Kf6 44. Rh6+ Ke7 45. Rh7+ Kf6
46. Rh6+ Ke7 47. Rh7+ Kf6 48. Rh6+ 1/2-1/2

[Event "Championnat de la Loire Open"]
[Site "St-Etienne"]
[Date "2003.05.17"]
[Round "6.12"]
[White "Rogues, Jean-Luc"]
[Black "Mialon, Franck"]
[Result "0-1"]
[WhiteElo "1420"]
[BlackElo "1280"]
[PlyCount "76"]

1. d4 f5 2. c4 e6 3. Nc3 Nf6 4. e3 Be7 5. Bd3 O-O 6. Nge2 b6 7. O-O Bb7 8. f3
Nh5 9. e4 fxe4 10. Nxe4 d5 11. N4g3 Nxg3 12. Nxg3 dxc4 13. Bxc4 Bf6 14. Be3 Nc6
15. Bxe6+ Kh8 16. d5 Na5 17. Rb1 Be5 18. f4 Bd6 19. Nf5 Rf6 20. Qg4 Rg6 21. Qd1
Nc4 22. Bd4 Bc5 23. Bxc5 bxc5 24. Qd3 Ba6 25. Rf2 Bb5 26. Qc3 Nd6 27. Qxc5 Nxf5
28. Bxf5 Rh6 29. Qxb5 Qh4 30. Bh3 Rb6 31. Qd7 Rab8 32. Qxc7 Rf8 33. Qe5 Rg6 34.
Rd1 Qxh3 35. d6 Qg4 36. d7 Qxd1+ 37. Rf1 Qxd7 38. f5 Rg5 0-1

[Event "Championnat de la Loire Open"]
[Site "St-Etienne"]
[Date "2003.05.17"]
[Round "6.13"]
[White "Conesa, Antoine"]
[Black "Benchegra, Mohamed"]
[Result "1-0"]
[WhiteElo "1420"]
[BlackElo "1499"]
[PlyCount "71"]

1. e4 e5 2. Nf3 Nc6 3. Nc3 Bc5 4. a3 Nf6 5. h3 O-O 6. Bc4 Ne7 7. Nxe5 d6 8. Nf3
Ng6 9. O-O Nf4 10. d4 Nxh3+ 11. gxh3 Bb6 12. Kh2 Qd7 13. Ng1 c6 14. f4 d5 15.
exd5 cxd5 16. Bd3 Ne4 17. Nxe4 dxe4 18. Bxe4 Bxd4 19. Rf3 Re8 20. Qd3 g6 21.
Ne2 Qe7 22. Qxd4 Qxe4 23. Qxe4 Rxe4 24. Re3 Bf5 25. Rxe4 Bxe4 26. Be3 Bxc2 27.
Bd4 Be4 28. Rc1 Bc6 29. Be5 Rd8 30. Nd4 Bd5 31. Rc7 h5 32. Nb5 Be6 33. Nd6 h4
34. Rxb7 Rd7 35. Rb8+ Kh7 36. Rh8# 1-0

[Event "Championnat de la Loire Open"]
[Site "St-Etienne"]
[Date "2003.05.17"]
[Round "6.14"]
[White "Cayuela-Mosch, Renate"]
[Black "Doran, Niall"]
[Result "0-1"]
[WhiteElo "1499"]
[BlackElo "1470"]
[PlyCount "52"]

1. Nf3 Nf6 2. d4 g6 3. e3 Bg7 4. Bc4 d5 5. Bb3 O-O 6. O-O Bg4 7. Qe1 Bxf3 8.
gxf3 e6 9. e4 dxe4 10. Be3 exf3 11. Nd2 Nd5 12. Nxf3 Nxe3 13. Qxe3 Nc6 14. Rad1
Ne7 15. c3 Nf5 16. Qe4 c6 17. Rfe1 Re8 18. Kf1 Bf6 19. Bc4 Nd6 20. Qd3 Nxc4 21.
Qxc4 Qd5 22. Nd2 Qh1+ 23. Ke2 Qxh2 24. Nf3 Qd6 25. Rh1 Qd5 26. Qb3 Qe4+ 0-1

[Event "Championnat de la Loire Open"]
[Site "St-Etienne"]
[Date "2003.05.17"]
[Round "6.15"]
[White "Borron, Herve"]
[Black "Goudet, Maxence"]
[Result "1/2-1/2"]
[WhiteElo "1180"]
[BlackElo "1299"]
[PlyCount "103"]

1. e4 e5 2. Nf3 Nc6 3. Bc4 Qf6 4. d3 Bc5 5. O-O Nge7 6. Nc3 O-O 7. a3 d6 8. h3
Be6 9. Bxe6 Qxe6 10. Na4 b6 11. Nxc5 bxc5 12. Ng5 Qg6 13. Bd2 f5 14. c3 f4 15.
Nf3 Rab8 16. b4 Rfd8 17. Rb1 d5 18. exd5 Rxd5 19. Ne1 e4 20. dxe4 Qxe4 21. Nf3
Qc4 22. Qb3 Qxb3 23. Rxb3 Ng6 24. Rfb1 cxb4 25. axb4 a5 26. bxa5 Rxb3 27. Rxb3
Nxa5 28. Rb8+ Kf7 29. Rb4 Rf5 30. Rd4 Ke8 31. h4 Nb3 32. Rd3 Nxd2 33. Rxd2 Rc5
34. Rd3 Rh5 35. g3 Ra5 36. Ng5 h6 37. Ne6 Ra1+ 38. Kg2 fxg3 39. Kxg3 Rg1+ 40.
Kh2 Rg4 41. Rg3 Rxh4+ 42. Kg2 Nf4+ 43. Nxf4 Rxf4 44. Rxg7 Kd8 45. Rh7 Rc4 46.
Rxh6 Rxc3 47. f4 c5 48. f5 Ke7 49. f6+ Kf7 50. Kf2 Rd3 51. Ke2 c4 52. Rh4
1/2-1/2

[Event "Championnat de la Loire Open"]
[Site "St-Etienne"]
[Date "2003.05.17"]
[Round "7.1"]
[White "Vier, Serge"]
[Black "Pupier, Terry"]
[Result "1/2-1/2"]
[WhiteElo "1650"]
[BlackElo "1780"]
[PlyCount "53"]

1. d4 d5 2. c4 c6 3. Nc3 Nf6 4. Nf3 e6 5. e3 Nbd7 6. Bd3 Bd6 7. O-O O-O 8. Re1
Re8 9. Qc2 dxc4 10. Bxc4 a6 11. e4 Be7 12. Bg5 b5 13. Bd3 h6 14. Bh4 Bb7 15.
Rad1 Rc8 16. e5 Nd5 17. Bxe7 Qxe7 18. Ne4 Rc7 19. Nd6 Rb8 20. Qe2 N7b6 21. Qe4
g6 22. Qh4 Qxh4 23. Nxh4 Nc8 24. Ne4 Nce7 25. Nd6 Nc8 26. Ne4 Nce7 27. Nd6
1/2-1/2

[Event "Championnat de la Loire Open"]
[Site "St-Etienne"]
[Date "2003.05.17"]
[Round "7.2"]
[White "Minchilli, Franco"]
[Black "Breinl, Alix"]
[Result "1/2-1/2"]
[WhiteElo "1600"]
[BlackElo "1499"]
[PlyCount "117"]

1. d4 d5 2. c4 dxc4 3. e3 e6 4. Bxc4 Nf6 5. Nf3 c5 6. Nc3 Nc6 7. O-O cxd4 8.
exd4 Be7 9. Re1 O-O 10. d5 Na5 11. Bb5 a6 12. Ba4 exd5 13. Qd3 Be6 14. Bc2 Nc6
15. a3 g6 16. Ng5 d4 17. Nxe6 fxe6 18. Ne4 Nxe4 19. Qxe4 e5 20. Bb3+ Kg7 21.
Bd5 Bf6 22. a4 Rc8 23. Ra3 Re8 24. Rh3 Bg5 25. Rf3 Bxc1 26. Rf7+ Kh8 27. Rxc1
Rc7 28. Rxc7 Qxc7 29. Bxc6 bxc6 30. Rxc6 Qa5 31. b3 Qb4 32. Rxa6 Qxb3 33. h3
Qc4 34. Ra5 Qc7 35. Rb5 Qd7 36. Rxe5 Rxe5 37. Qxe5+ Kg8 38. Qb8+ Kg7 39. Qb4 d3
40. Qd2 Kf6 41. a5 Qd6 42. g3 Ke5 43. a6 Qxa6 44. h4 Qa1+ 45. Kg2 Kd4 46. Qf4+
Kd5 47. Qf7+ Kc5 48. Qc7+ Kb4 49. Qd6+ Kc4 50. Qe6+ Kb5 51. Qd5+ Kb4 52. Qxd3
Qa8+ 53. Qf3 Qxf3+ 54. Kxf3 Kc5 55. Ke4 Kd6 56. f4 Ke6 57. g4 Kf6 58. f5 gxf5+
59. gxf5 1/2-1/2

[Event "Championnat de la Loire Open"]
[Site "St-Etienne"]
[Date "2003.05.17"]
[Round "7.3"]
[White "Treveys, Maxime"]
[Black "Gaillard, Pierre"]
[Result "1-0"]
[WhiteElo "1680"]
[BlackElo "1710"]
[PlyCount "55"]

1. d4 Nf6 2. c4 g6 3. Nc3 Bg7 4. Nf3 O-O 5. g3 d5 6. cxd5 Nxd5 7. Bg2 Nc6 8.
O-O Be6 9. e4 Nxc3 10. bxc3 Bg4 11. h3 Bxf3 12. Qxf3 e5 13. d5 Na5 14. Qe2 c6
15. c4 f5 16. Bb2 Qb6 17. Rfd1 f4 18. gxf4 Rxf4 19. Rab1 Qc7 20. Bc1 Rf7 21.
Ba3 Rd8 22. Bf3 cxd5 23. cxd5 Qc3 24. Rd3 Qc4 25. Rb4 Qa6 26. Rd2 Nc6 27. dxc6
Rxd2 28. Qxd2 1-0

[Event "Championnat de la Loire Open"]
[Site "St-Etienne"]
[Date "2003.05.17"]
[Round "7.4"]
[White "Langlade, Remi"]
[Black "Gidon, Rene"]
[Result "0-1"]
[WhiteElo "1410"]
[BlackElo "1550"]
[PlyCount "100"]

1. e4 e5 2. Bc4 Nf6 3. d3 Nc6 4. c3 d5 5. exd5 Nxd5 6. Nf3 Be7 7. Qb3 Na5 8.
Qa4+ c6 9. Nxe5 Nxc4 10. Nxc4 b5 11. Qb3 bxc4 12. Qxc4 Qb6 13. Qe4 O-O 14. c4
Nf6 15. Qf3 Bg4 16. Qf4 Rfe8 17. O-O Rad8 18. h3 Bd6 19. Qd2 Bb4 20. Nc3 Be2
21. Re1 Rxd3 22. Qc2 Bxc3 23. Rxe2 Rxe2 24. Qxe2 Qd4 25. bxc3 Qxc4 26. Rb1 h6
27. Rb3 Rxc3 28. Qxc4 Rxc4 29. Be3 a5 30. Rb8+ Kh7 31. Ra8 Ra4 32. Rc8 Rxa2 33.
Rxc6 Nd5 34. Rd6 Nxe3 35. fxe3 a4 36. Kf1 a3 37. Ra6 Ra1+ 38. Ke2 a2 39. e4 Rg1
40. Rxa2 Rxg2+ 41. Kf3 Rxa2 42. Kf4 Kg6 43. Ke5 Ra3 44. h4 Rh3 45. h5+ Rxh5+
46. Kd6 Ra5 47. e5 h5 48. e6 fxe6 49. Kxe6 h4 50. Kd7 h3 0-1

[Event "Championnat de la Loire Open"]
[Site "St-Etienne"]
[Date "2003.05.17"]
[Round "7.5"]
[White "Vinot, Raoul"]
[Black "Bazoux, Sebastien"]
[Result "1/2-1/2"]
[WhiteElo "1390"]
[BlackElo "1430"]
[PlyCount "50"]

1. d4 Nf6 2. c4 g6 3. Nc3 Bg7 4. Bg5 d6 5. Nf3 Bf5 6. e3 Nbd7 7. Bd3 Bxd3 8.
Qxd3 a6 9. O-O O-O 10. Rfe1 Qe8 11. Rab1 e5 12. e4 exd4 13. Nxd4 Nc5 14. Qe3
Ng4 15. Qd2 Ne5 16. b3 Ned3 17. Re2 Bxd4 18. Nd5 f6 19. Bh6 Rf7 20. b4 Ne6 21.
Qxd3 Rc8 22. Be3 Bxe3 23. Rxe3 c6 24. Rbe1 Qd8 25. Nc3 Qc7 1/2-1/2

[Event "Championnat de la Loire Open"]
[Site "St-Etienne"]
[Date "2003.05.17"]
[Round "7.6"]
[White "Adamus, Jeremy"]
[Black "Bion, Nicolas"]
[Result "1-0"]
[WhiteElo "1199"]
[BlackElo "1470"]
[PlyCount "117"]

1. d4 d5 2. c4 e6 3. Nf3 Be7 4. Bf4 Nf6 5. Nc3 dxc4 6. e3 b6 7. Bxc4 Bb7 8. Rc1
Nbd7 9. a3 a5 10. Nb5 c6 11. Nc7+ Kf8 12. Nxa8 Qxa8 13. Ne5 b5 14. Be2 Nb6 15.
f3 Nbd5 16. Bg5 h6 17. Bxf6 gxf6 18. Ng4 f5 19. e4 fxg4 20. exd5 Bg5 21. dxc6
Bxc6 22. Rc3 Ke7 23. Qb3 a4 24. Qb4+ Kf6 25. Bxb5 Bxb5 26. Qxb5 Kg7 27. Qe5+
Bf6 28. Qe4 Qb8 29. Qxg4+ Bg5 30. Rc2 Qb3 31. Re2 Rc8 32. Kf2 Rc2 33. f4 Rxe2+
34. Qxe2 Bf6 35. Rd1 Qd5 36. Qe3 Qh5 37. Qg3+ Kh7 38. Qd3+ Kh8 39. h3 Bh4+ 40.
g3 Bf6 41. Kg2 Qd5+ 42. Qf3 Qc4 43. Qf2 Qb5 44. Rd2 Qc6+ 45. Kh2 Qb6 46. d5 Qd6
47. dxe6 Qxe6 48. Qe2 Qc8 49. Qh5 Kg7 50. Qg4+ Qxg4 51. hxg4 Be7 52. Rd4 Bf6
53. Rxa4 Bxb2 54. Ra8 Kf6 55. a4 Ke7 56. a5 Kd7 57. a6 Bd4 58. a7 Kc7 59. Rc8+
1-0

[Event "Championnat de la Loire Open"]
[Site "St-Etienne"]
[Date "2003.05.17"]
[Round "7.7"]
[White "Dequidt, Adrien"]
[Black "Barthelemy, Jerome"]
[Result "1-0"]
[WhiteElo "1660"]
[BlackElo "1480"]
[PlyCount "90"]

1. e4 c5 2. Nc3 e6 3. g3 Nc6 4. Bg2 a6 5. d3 Nf6 6. f4 d6 7. Nf3 Be7 8. O-O O-O
9. Bd2 Qc7 10. a3 b6 11. e5 dxe5 12. Nxe5 Bb7 13. Qf3 Na5 14. Ne4 Nxe4 15. dxe4
Nc6 16. Bc3 Bf6 17. Qh5 g6 18. Qg4 Nxe5 19. fxe5 Bxe5 20. h4 Bxc3 21. bxc3 Qe5
22. Rf3 h5 23. Qf4 Qxf4 24. Rxf4 Rad8 25. Rb1 b5 26. c4 Bc6 27. cxb5 Bxb5 28.
e5 Rd2 29. a4 Bxa4 30. Rxa4 Rxc2 31. Rxa6 c4 32. Rc6 Rd8 33. Be4 Rc3 34. Kg2
Rd2+ 35. Kh3 Re3 36. Rxc4 Ree2 37. Rh1 Re3 38. Rh2 Rd1 39. Ra2 Rg1 40. Bg2 Rge1
41. Rc5 Rxe5 42. Rxe5 Rxe5 43. Bf3 Re1 44. Kg2 Rc1 45. Ra7 Rc2+ 1-0

[Event "Championnat de la Loire Open"]
[Site "St-Etienne"]
[Date "2003.05.17"]
[Round "7.8"]
[White "Gerey, Jean-Pierre"]
[Black "Bournez, Gerard"]
[Result "1-0"]
[WhiteElo "1340"]
[BlackElo "1540"]
[PlyCount "114"]

1. e4 c5 2. Nf3 Nc6 3. c3 e5 4. d4 cxd4 5. cxd4 exd4 6. Nxd4 d6 7. Bb5 Nge7 8.
Nc3 a6 9. Be2 Nxd4 10. Qxd4 Bd7 11. O-O Bc6 12. Bd1 Ng8 13. Re1 Nf6 14. Bg5 Be7
15. e5 dxe5 16. Qxe5 Rg8 17. Bc2 h6 18. Rad1 Bd7 19. Bxf6 gxf6 20. Qxf6 Kf8 21.
Qxh6+ Rg7 22. Qf4 Rc8 23. Bg6 Rxg6 24. Re3 Bg5 25. Qb4+ Kg8 26. Red3 Be7 27.
Qxb7 Qc7 28. Rxd7 Qxb7 29. Rxb7 Re6 30. g3 Kf8 31. h4 Rg6 32. Kh2 Rf6 33. Ne4
Rfc6 34. Rd2 Re6 35. Ng5 Bxg5 36. hxg5 Kg7 37. Rdd7 Rf8 38. f4 Rh8+ 39. Kg2 Rf8
40. Re7 Rg6 41. Kf3 Rd6 42. f5 Kg8 43. g6 Rf6 44. Kf4 Kg7 45. Rxf7+ R8xf7 46.
gxf7 Kf8 47. Kg5 Rd6 48. f6 Rd3 49. Rb8+ Kxf7 50. Rb7+ Kf8 51. g4 Rd4 52. Kf5
Rc4 53. g5 a5 54. g6 Rc8 55. Rh7 Rc5+ 56. Ke6 Rc6+ 57. Kd7 Rxf6 1-0

[Event "Championnat de la Loire Open"]
[Site "St-Etienne"]
[Date "2003.05.17"]
[Round "7.9"]
[White "Pareux, Marc"]
[Black "Veyrat, Gerard"]
[Result "1-0"]
[WhiteElo "1540"]
[BlackElo "1130"]
[PlyCount "85"]

1. d4 d5 2. e4 e6 3. Be3 Be7 4. e5 Nc6 5. Nd2 Bg5 6. Bxg5 Qxg5 7. c3 Nge7 8.
Bd3 Qxg2 9. Qf3 Qxf3 10. Ngxf3 h6 11. h4 Bd7 12. Rg1 g6 13. Nh2 Nf5 14. Ndf3
O-O-O 15. Ng4 g5 16. hxg5 hxg5 17. Nxg5 Nh4 18. O-O-O Rdf8 19. Nf6 Ne7 20. Nfh7
Rfg8 21. Nxf7 Rxh7 22. Rxg8+ Nxg8 23. Bxh7 Ne7 24. Rh1 Be8 25. Rxh4 Bxf7 26.
Rf4 Be8 27. Rf8 Kd7 28. f4 c6 29. Kd2 b5 30. b4 Nc8 31. f5 exf5 32. Bxf5+ Ke7
33. Rxe8+ Kxe8 34. Bxc8 Ke7 35. Ke3 Kd8 36. Bh3 Ke7 37. Kf4 Kf7 38. Kf5 Ke7 39.
Kg6 Kf8 40. Kf6 Ke8 41. Ke6 Kd8 42. Kf7 Kc7 43. e6 1-0

[Event "Championnat de la Loire Open"]
[Site "St-Etienne"]
[Date "2003.05.17"]
[Round "7.10"]
[White "Mialon, Franck"]
[Black "Rengame, Mohane"]
[Result "1/2-1/2"]
[WhiteElo "1280"]
[BlackElo "1460"]
[PlyCount "73"]

1. e4 e6 2. d4 d5 3. Nc3 Bb4 4. Bd2 Nc6 5. a3 Bxc3 6. Bxc3 dxe4 7. Qg4 g6 8.
Qxe4 Nf6 9. Qf3 Nxd4 10. O-O-O e5 11. Bxd4 exd4 12. Re1+ Be6 13. Bc4 Qe7 14.
Nh3 O-O 15. Ng5 Nh5 16. Nxe6 fxe6 17. Qe4 c5 18. g4 Ng7 19. h4 Rxf2 20. h5 Qg5+
21. Kb1 gxh5 22. gxh5 h6 23. Bxe6+ Kh8 24. Qxb7 Raf8 25. Rhg1 Qf6 26. Rg6 Nxh5
27. Rxf6 R2xf6 28. Qh1 Nf4 29. Ba2 d3 30. Qh2 dxc2+ 31. Qxc2 Nh3 32. Qc3 Ng5
33. Rf1 Ne4 34. Qe3 Rxf1+ 35. Kc2 Ng5 36. Qe5+ R8f6 37. Qe8+ 1/2-1/2

[Event "Championnat de la Loire Open"]
[Site "St-Etienne"]
[Date "2003.05.17"]
[Round "7.11"]
[White "Mathieu, Jacques"]
[Black "Conesa, Antoine"]
[Result "0-1"]
[WhiteElo "1499"]
[BlackElo "1420"]
[PlyCount "50"]

1. e4 c5 2. Nf3 e6 3. d4 d5 4. exd5 exd5 5. c3 Nc6 6. Be2 Nf6 7. Bg5 Be7 8.
dxc5 Bxc5 9. O-O O-O 10. Nd4 a6 11. Bf3 Qd6 12. Re1 Bb6 13. Nf5 Bxf5 14. Bxf6
Qxf6 15. Bxd5 Ne5 16. Bxb7 Rad8 17. Qe2 Rfe8 18. Kh1 Bd3 19. Qd1 Be4 20. Nd2
Bxb7 21. Qe2 Kf8 22. Ne4 Bxe4 23. Qxe4 Nd3 24. Qxe8+ Rxe8 25. Rxe8+ Kxe8 0-1

[Event "Championnat de la Loire Open"]
[Site "St-Etienne"]
[Date "2003.05.17"]
[Round "7.12"]
[White "Doran, Niall"]
[Black "Trottet, Francois"]
[Result "1-0"]
[WhiteElo "1470"]
[BlackElo "1440"]
[PlyCount "160"]

1. e4 c5 2. c3 Nc6 3. Nf3 d6 4. d4 cxd4 5. cxd4 Nf6 6. Bd3 Qc7 7. O-O Bg4 8.
Nbd2 a6 9. Qa4 Nd7 10. Re1 g6 11. h3 Nb6 12. Qc2 Bxf3 13. Nxf3 Qb8 14. Be3 d5
15. e5 e6 16. a3 Bg7 17. Nh2 O-O 18. Ng4 Nd7 19. Qd2 Ne7 20. Bh6 Nf5 21. Bxg7
Kxg7 22. Bxf5 exf5 23. Qh6+ Kh8 24. Nf6 Nxf6 25. exf6 Rg8 26. Re7 Qf8 27. Qxf8
Rgxf8 28. Rc1 Rab8 29. Rcc7 Kg8 30. Rxb7 Rbc8 31. Rb6 Rc4 32. Rxa6 Rxd4 33. b4
Rd1+ 34. Kh2 d4 35. b5 d3 36. b6 d2 37. Rd7 Rb8 38. b7 Rb1 39. Rxd2 R1xb7 40.
Rad6 h5 41. Rd8+ Rxd8 42. Rxd8+ Kh7 43. f4 Rb6 44. Rd3 Rxf6 45. a4 Ra6 46. Ra3
Kg7 47. Kg3 Kf6 48. Kh4 Ke6 49. Kg5 Kd5 50. Kh6 Kc4 51. Kg7 Kb4 52. Ra1 Ra7 53.
a5 Kc4 54. a6 Kd5 55. Kf6 Ke4 56. g3 Kf3 57. Ra3+ Ke4 58. Kg7 Kd5 59. Kf8 Ke6
60. Ra2 Kf6 61. Ke8 g5 62. Kd8 gxf4 63. gxf4 Ke6 64. Kc8 Kd5 65. Kb8 Re7 66. a7
Re8+ 67. Kb7 Re7+ 68. Kb6 Re6+ 69. Kb5 Re8 70. a8=Q+ Rxa8 71. Rxa8 Ke4 72. Ra4+
Kf3 73. Ra7 Kxf4 74. Rxf7 Ke4 75. Kc4 f4 76. Re7+ Kf5 77. Kd4 Kg5 78. Ke4 Kh4
79. Rg7 Kxh3 80. Kxf4 h4 1-0

[Event "Championnat de la Loire Open"]
[Site "St-Etienne"]
[Date "2003.05.17"]
[Round "7.13"]
[White "Bruyas, Benjamin"]
[Black "Rogues, Jean-Luc"]
[Result "0-1"]
[WhiteElo "1230"]
[BlackElo "1420"]
[PlyCount "66"]

1. Nf3 d5 2. c4 Nf6 3. cxd5 Nxd5 4. e4 Nb6 5. d4 Bg4 6. Be2 e6 7. O-O Be7 8.
Ne5 Bxe2 9. Qxe2 O-O 10. Nf3 N8d7 11. Nc3 c5 12. d5 Nf6 13. dxe6 fxe6 14. Bf4
Qc8 15. Rad1 Nbd7 16. Bd6 Rf7 17. Qc4 Nb6 18. Qb5 Nfd7 19. Ng5 Bxg5 20. Na4
Nxa4 21. Qxa4 Bf4 22. e5 Bxe5 23. Bxe5 Nxe5 24. Rfe1 Qc6 25. Qh4 Nd7 26. Qg4
Rf6 27. Rd2 Raf8 28. Red1 Ne5 29. Qg5 Qe4 30. Rd8 Qf5 31. Rxf8+ Rxf8 32. Qe7
Qxf2+ 33. Kh1 Qf1+ 0-1